00512nam a2200181 a 450000100100000000500170001000800410002704000250006808200150009310000190010824500430012726000300017030000180020050000420021850000300026065000190029065100210030900003992820201002033820.0130730s19uu sp 000 0 spa d aDO-SdBNPbspacBNPHU a985bP171t1 aPalma, Ricardo10aTradiciones peruanas /cRicardo Palma. aMadrid :bCalpe,c[19--]. a6v. ;c25 cm. aIncluye notas al pie de las páginas aLa biblioteca posee v.3-6 4aLeyendaszPeru 4aPerúxHistoria